000 00658nam a2200265Ia 4500
003 OSt
005 20221007102947.0
006 a|||||r|||| 00| 0
007 ta
008 221006b |||||||| |||| 00| 0 eng d
024 _a11,858
037 _cTextual
040 _aLCO
_cLCO
_beng
041 _2eng
_aeng
082 _aX72:(Z), P0
100 _aRai Kailash
245 0 _aTaxation Laws
250 _a4th
260 _aFaridabad
_bAllahabad Law Agency India
_c2000
300 _a616
500 _aLaw of Income Tax and Wealth Tax
650 _aTAX
942 _hX72:(Z), P0
_cTEXL
999 _c1181421
_d1181421